000 00543nam a2200193 u 4500
005 20210223133507.0
008 180202s1993 r 000 0 eng d
020 _a9706073051
035 _aUPN01000222695
049 _aCG
050 4 _aPE1099
_bL3.4
100 1 _aLarroche, Francoise
_941294
245 1 0 _aInglés para todos :
_bgramática /
_cFrancoise Larroche.
260 _aMéxico :
_bLarousse,
_cc1993.
300 _a256 p.
650 4 _aINGLES -
_xGRAMATICA -
_xESTUDIO Y ENSEÑANZA
_921871
905 _aLibro
999 _c194792
_d194792